[Event "DEM U10/U10w 2013"]
[Site "Oberhof GER"]
[Date "2013.05.24"]
[Round "10"]
[White "Stirnberg, Noah"]
[Black "Schmidtmann, Samantha"]
[Result "1-0"]
[Termination "normal"]
[Board "24"]
[WhiteElo "1338"]
[BlackElo "1171"]
[PlyCount "69"]
[WhiteFideId "16207742"]
[BlackFideId "12956759"]
[EventCountry "GER"]
[EventRounds "11"]
[EventType "swiss"]
[EventDate "2013.05.18"]

1. d4 Nf6 2. c4 g6 3. Nc3 Bg7 4. e4 d6 5. f4 O-O 6. Nf3 c5 7. d5 e6 8. Be2 Re8
9. Qc2 exd5 10. cxd5 Bg4 11. O-O Nbd7 12. h3 Bxf3 13. Bxf3 Rc8 14. Re1 Qa5 15.
Bd2 Qd8 16. a4 b6 17. Nb5 Nb8 18. Nxa7 Rc7 19. Nb5 Rce7 20. a5 h6 21. a6 Nxa6
22. Rxa6 Qb8 23. Nxd6 Qxd6 24. e5 Qd8 25. d6 Re6 26. Bc6 Nd7 27. Ra8 Qh4 28.
Rxe8+ Rxe8 29. Bxd7 Rd8 30. Bc6 Kf8 31. Ra1 Qg3 32. Ra3 Qh4 33. Qb3 Kg8 34. Ra7
Bf8 35. Qxf7+ 1-0

[Event "DEM U10/U10w 2013"]
[Site "Oberhof GER"]
[Date "2013.05.24"]
[Round "10"]
[White "Richardt, Josia"]
[Black "Basovskiy, Jana"]
[Result "1/2-1/2"]
[Termination "normal"]
[Board "26"]
[WhiteElo "1205"]
[BlackElo "1109"]
[PlyCount "104"]
[WhiteFideId "16217594"]
[BlackFideId "16208617"]
[EventCountry "GER"]
[EventRounds "11"]
[EventType "swiss"]
[EventDate "2013.05.18"]

1. e4 e5 2. Nf3 d6 3. d4 Nd7 4. Bc4 c6 5. O-O Be7 6. dxe5 dxe5 7. Ng5 Bxg5 8.
Qh5 Qe7 9. Bxg5 Ngf6 10. Qe2 h6 11. Bh4 a5 12. Nc3 O-O 13. Rad1 Re8 14. Rd2 Nf8
15. Qf3 N8d7 16. h3 b5 17. Bd3 Qd8 18. Rfd1 Qb6 19. Ne2 c5 20. Ng3 c4 21. Be2
Re6 22. Nf5 Ne8 23. Ne7+ Kh8 24. Nxc8 Rxc8 25. Rxd7 f6 26. Qf5 b4 27. Bh5 a4
28. Bxe8 Rcxe8 29. Rf7 Rg8 30. Rdd7 Rd6 31. Rxd6 Qxd6 32. Qd7 Qxd7 33. Rxd7 Rc8
34. f3 c3 35. bxc3 Rxc3 36. Rb7 Rxc2 37. Rxb4 Rxa2 38. Kh2 Kg8 39. Kg3 Kf7 40.
f4 exf4+ 41. Kxf4 Ke6 42. g4 Kd6 43. Rb5 Kc6 44. Ra5 Kb6 45. Be1 Ra1 46. Bd2
Ra2 47. Ke3 Kc6 48. Kd3 Kd6 49. Bc3 Rh2 50. Rxa4 Rxh3+ 51. Kd4 Rh4 52. Ra6+ Ke7
1/2-1/2

[Event "DEM U10/U10w 2013"]
[Site "Oberhof GER"]
[Date "2013.05.24"]
[Round "10"]
[White "Schnabel, Luise"]
[Black "Post, Hugo"]
[Result "0-1"]
[Termination "normal"]
[Board "27"]
[WhiteElo "1417"]
[BlackElo "1341"]
[PlyCount "106"]
[WhiteFideId "12943347"]
[BlackFideId "12962490"]
[EventCountry "GER"]
[EventRounds "11"]
[EventType "swiss"]
[EventDate "2013.05.18"]

1. e4 c5 2. Nf3 Nc6 3. d4 cxd4 4. Nxd4 g6 5. Nc3 Bg7 6. Be3 Nf6 7. Bc4 O-O 8.
O-O d6 9. h3 Bd7 10. Qd2 Qc8 11. Nde2 Re8 12. Rad1 a6 13. a4 Nd8 14. Bb3 Ne6
15. f4 Nc5 16. Bxc5 Qxc5+ 17. Qd4 Nxe4 18. Qxc5 Nxc5 19. Nd4 Nxb3 20. Nxb3 Rac8
21. Rf3 Bxc3 22. Rxc3 Rxc3 23. bxc3 Bxa4 24. Rb1 Rc8 25. Nd4 b5 26. f5 Rxc3 27.
fxg6 hxg6 28. Ra1 Rc4 29. Rd1 Bxc2 30. Nxc2 Rxc2 31. Ra1 Rc6 32. Kf2 Rb6 33.
Ke3 b4 34. Kd3 b3 35. Kc3 b2 36. Rb1 Kg7 37. Rxb2 Rxb2 38. Kxb2 Kf6 39. Kc3 Kg5
40. Kd3 Kf4 41. Kd4 Kg3 42. Kd5 Kxg2 43. Kc6 Kxh3 44. Kd7 a5 45. Kxe7 a4 46.
Kxd6 a3 47. Ke7 a2 48. Kxf7 a1=Q 49. Kxg6 Qe5 50. Kh6 Kh4 51. Kh7 Kg5 52. Kg8
Qe7 53. Kh8 Kg6 0-1

[Event "DEM U10/U10w 2013"]
[Site "Oberhof GER"]
[Date "2013.05.24"]
[Round "10"]
[White "Röhr, Tobias"]
[Black "Schilay, Maria"]
[Result "1-0"]
[Termination "normal"]
[Board "28"]
[WhiteElo "1389"]
[BlackElo "1048"]
[PlyCount "101"]
[WhiteFideId "12963089"]
[BlackFideId "12942979"]
[EventCountry "GER"]
[EventRounds "11"]
[EventType "swiss"]
[EventDate "2013.05.18"]

1. d4 Nf6 2. Bg5 e6 3. Nd2 c5 4. e3 b6 5. Qf3 Nc6 6. Bxf6 Qxf6 7. Qxf6 gxf6 8.
Ngf3 Bb7 9. a3 Bg7 10. O-O-O O-O 11. dxc5 bxc5 12. Nb3 d5 13. Nxc5 Na5 14. b4
Rfc8 15. Nxb7 Nxb7 16. Ba6 Rab8 17. Nd4 Rc3 18. Kb2 Rc7 19. Bxb7 Rbxb7 20. c3
Bf8 21. Nb3 f5 22. Rhg1 Bg7 23. Na5 Bxc3+ 24. Kb3 Rb5 25. Rc1 Be5 26. f4 Bd6
27. Rxc7 Bxc7 28. Nc6 a5 29. Ka4 Rb6 30. Nxa5 Rd6 31. Rc1 Bxa5 32. Kxa5 Rd8 33.
b5 Ra8+ 34. Kb4 f6 35. b6 Rb8 36. Kb5 e5 37. a4 exf4 38. exf4 d4 39. a5 Re8 40.
b7 Kg7 41. Rc8 Re1 42. b8=Q Rb1+ 43. Kc4 Rxb8 44. Rxb8 d3 45. a6 d2 46. Rd8
d1=Q 47. Rxd1 Kh6 48. a7 Kh5 49. a8=Q Kg4 50. Qf3+ Kh4 51. Qh3# 1-0

[Event "DEM U10/U10w 2013"]
[Site "Oberhof GER"]
[Date "2013.05.24"]
[Round "10"]
[White "Bierfreund, Trine Maja"]
[Black "Ewerhardy, Moritz"]
[Result "1/2-1/2"]
[Termination "normal"]
[Board "29"]
[WhiteElo "1341"]
[BlackElo "1019"]
[PlyCount "80"]
[WhiteFideId "12957372"]
[BlackFideId "36052086"]
[EventCountry "GER"]
[EventRounds "11"]
[EventType "swiss"]
[EventDate "2013.05.18"]

1. e4 e5 2. Nf3 Nc6 3. Bc4 Bc5 4. c3 Nf6 5. d4 exd4 6. cxd4 Bb4+ 7. Bd2 Bxd2+
8. Nbxd2 Qe7 9. O-O d6 10. Re1 O-O 11. d5 Ne5 12. Nxe5 Qxe5 13. Qc2 Bd7 14. Nf3
Qe8 15. e5 dxe5 16. Rxe5 Qd8 17. Ng5 Be8 18. Rae1 g6 19. Ne6 Qd6 20. Nxf8 Qxf8
21. Re7 Rc8 22. Bb3 a6 23. Rxc7 Rb8 24. Rc8 Rxc8 25. Qxc8 b5 26. Qd8 Kg7 27. h3
Qc5 28. Rxe8 Nxe8 29. Qxe8 Qc1+ 30. Kh2 Qf4+ 31. Kh1 Qc1+ 32. Kh2 Qf4+ 33. Kh1
Qc1+ 34. Kh2 Qf4+ 35. Kg1 Qc1+ 36. Kh2 Qf4+ 37. Kg1 Qc1+ 38. Kh2 Qf4+ 39. Kh1
Qc1+ 40. Kh2 Qf4+ 1/2-1/2

[Event "DEM U10/U10w 2013"]
[Site "Oberhof GER"]
[Date "2013.05.24"]
[Round "10"]
[White "Hartmann, Katrin"]
[Black "Schumacher, Simon"]
[Result "0-1"]
[Termination "normal"]
[Board "30"]
[WhiteElo "975"]
[BlackElo "1156"]
[PlyCount "44"]
[WhiteFideId "16200632"]
[EventCountry "GER"]
[EventRounds "11"]
[EventType "swiss"]
[EventDate "2013.05.18"]

1. Nf3 d5 2. g3 Nf6 3. Bg2 c6 4. d4 Bg4 5. Nc3 e6 6. Bf4 Be7 7. Qd2 Nbd7 8.
O-O-O O-O 9. h4 a5 10. Ne5 Bh5 11. Rdg1 a4 12. e4 Nb6 13. f3 Bg6 14. Nxg6 fxg6
15. e5 Nh5 16. Be3 Nxg3 17. Rh3 Nh5 18. Rgh1 Nc4 19. Qe2 Nxe3 20. Qxe3 g5 21.
Qf2 g4 22. Rg3 Bxh4 0-1

[Event "DEM U10/U10w 2013"]
[Site "Oberhof GER"]
[Date "2013.05.24"]
[Round "10"]
[White "Glinzner, Alva"]
[Black "Guckes, Simon"]
[Result "0-1"]
[Termination "normal"]
[Board "31"]
[WhiteElo "974"]
[BlackElo "1122"]
[PlyCount "73"]
[WhiteFideId "16206169"]
[BlackFideId "12944955"]
[EventCountry "GER"]
[EventRounds "11"]
[EventType "swiss"]
[EventDate "2013.05.18"]

1. e4 d6 2. d4 Nf6 3. Nc3 g6 4. Nf3 Bg7 5. Bc4 O-O 6. O-O Bg4 7. Qd3 Nbd7 8.
Bg5 c5 9. d5 h6 10. Bh4 a6 11. Rfe1 b5 12. Nxb5 axb5 13. Bxb5 Rb8 14. Re3 Bxf3
15. Rxf3 Ne5 16. Qe3 Nxf3+ 17. Qxf3 Rxb5 18. Rb1 Qb6 19. b3 c4 20. a4 Rc5 21.
b4 Rcc8 22. c3 Rfe8 23. a5 Qb5 24. Qe2 Nd7 25. Rb2 Bxc3 26. Rb3 Bg7 27. Bg3 Qb7
28. Rb1 Be5 29. Bxe5 Nxe5 30. Qe3 c3 31. Rc1 Qxb4 32. f4 Nd7 33. e5 dxe5 34.
fxe5 c2 35. Qxh6 Nxe5 36. Qe3 Qb2 37. Qd2 0-1

[Event "DEM U10/U10w 2013"]
[Site "Oberhof GER"]
[Date "2013.05.24"]
[Round "10"]
[White "Wastian, Mareike"]
[Black "Hommer, Jeremy"]
[Result "1-0"]
[Termination "normal"]
[Board "32"]
[WhiteElo "1096"]
[BlackElo "994"]
[PlyCount "119"]
[WhiteFideId "12947423"]
[BlackFideId "12992577"]
[EventCountry "GER"]
[EventRounds "11"]
[EventType "swiss"]
[EventDate "2013.05.18"]

1. e4 e6 2. Nf3 d5 3. Nc3 Nc6 4. Be2 Nf6 5. e5 Nd7 6. d4 Bb4 7. O-O O-O 8. Bg5
f6 9. exf6 Nxf6 10. a3 Bxc3 11. bxc3 Qd7 12. Bb5 a6 13. Bd3 b6 14. Re1 Bb7 15.
Qd2 Rae8 16. Re2 Nd8 17. Ne5 Qc8 18. Ree1 Nf7 19. Nxf7 Rxf7 20. Qe2 c5 21. dxc5
bxc5 22. c4 Qc6 23. f3 d4 24. Qd2 Nd7 25. Qa5 e5 26. Rab1 Nf6 27. Bxf6 Rxf6 28.
Be4 Qe6 29. Rxb7 Qxc4 30. Qc7 Rf7 31. Qc6 Qe6 32. Rxf7 Qxc6 33. Bxc6 Kxf7 34.
Bxe8+ Kxe8 35. Rxe5+ Kd7 36. Rxc5 Kd6 37. Rc4 Kd5 38. Rc7 a5 39. Kf2 a4 40. Ke2
g5 41. Kd3 h5 42. Rc4 Ke5 43. Rxd4 Kf5 44. Rxa4 g4 45. fxg4+ hxg4 46. Rxg4 Kxg4
47. a4 Kf5 48. a5 Ke5 49. a6 Kd6 50. a7 Kc7 51. a8=Q Kd7 52. Qa6 Ke7 53. Qc6
Kf7 54. Qd6 Kg7 55. Qe6 Kh7 56. Qg4 Kh6 57. Qg8 Kh5 58. g3 Kh6 59. h4 Kh5 60.
Qg5# 1-0

[Event "DEM U10/U10w 2013"]
[Site "Oberhof GER"]
[Date "2013.05.24"]
[Round "10"]
[White "Silber, Fabian"]
[Black "Truong, Lisa"]
[Result "0-1"]
[Termination "normal"]
[Board "33"]
[WhiteElo "1058"]
[BlackElo "793"]
[PlyCount "134"]
[WhiteFideId "12947288"]
[BlackFideId "12983462"]
[EventCountry "GER"]
[EventRounds "11"]
[EventType "swiss"]
[EventDate "2013.05.18"]

1. e4 e5 2. Nf3 Nc6 3. Bc4 Bc5 4. O-O Nf6 5. Re1 d6 6. c3 Bg4 7. h3 Bh5 8. d3
h6 9. Nbd2 O-O 10. Qb3 Na5 11. Qa4 Nxc4 12. Qxc4 c6 13. d4 exd4 14. cxd4 Bb6
15. e5 Nd5 16. Qb3 Re8 17. Nc4 dxe5 18. Nxb6 Qxb6 19. Qxb6 Nxb6 20. dxe5 Bxf3
21. gxf3 Re6 22. f4 f6 23. Bd2 Nd5 24. exf6 Rxe1+ 25. Rxe1 Nxf6 26. Kh2 Re8 27.
Rg1 Kh7 28. Bc3 Rg8 29. Bxf6 gxf6 30. Rxg8 Kxg8 31. Kg3 Kg7 32. Kg4 Kf7 33. f5
Kg7 34. Kh5 b5 35. h4 a5 36. f4 c5 37. Kg4 c4 38. Kf3 Kf7 39. Ke3 Ke7 40. Kd4
Kd6 41. b3 cxb3 42. axb3 h5 43. Kc3 Kc5 44. Kb2 a4 45. bxa4 bxa4 46. Ka3 Kd4
47. Kxa4 Ke4 48. Kb4 Kxf4 49. Kc4 Kxf5 50. Kd4 Kf4 51. Kd3 Kg3 52. Ke2 f5 53.
Kf1 Kxh4 54. Kg2 Kg4 55. Kh2 Kf3 56. Kg1 Ke2 57. Kg2 f4 58. Kh3 f3 59. Kh4 f2
60. Kxh5 f1=Q 61. Kg5 Ke3 62. Kg6 Ke4 63. Kg7 Ke5 64. Kg6 Qf6+ 65. Kh5 Qg7 66.
Kh4 Kf4 67. Kh3 Qg3# 0-1

[Event "DEM U10/U10w 2013"]
[Site "Oberhof GER"]
[Date "2013.05.24"]
[Round "10"]
[White "Höfs, Cederik"]
[Black "Koll, Linus"]
[Result "0-1"]
[Termination "normal"]
[Board "34"]
[WhiteElo "915"]
[BlackElo "1208"]
[PlyCount "94"]
[WhiteFideId "16207653"]
[BlackFideId "12990299"]
[EventCountry "GER"]
[EventRounds "11"]
[EventType "swiss"]
[EventDate "2013.05.18"]

1. e4 e5 2. Nf3 Nc6 3. d4 exd4 4. Nxd4 Nf6 5. Nc3 Bc5 6. Be3 Bb6 7. Bc4 d6 8.
O-O O-O 9. Re1 h6 10. h3 Kh8 11. Re2 Nh7 12. Rd2 Bxd4 13. Bxd4 f5 14. Bd5 fxe4
15. Nxe4 Bd7 16. c4 Nxd4 17. Rxd4 c5 18. Rd3 Nf6 19. Nxf6 Qxf6 20. f3 Rab8 21.
b3 Bf5 22. Re3 Bc2 23. Qxc2 Qxa1+ 24. Kh2 Qd4 25. Re4 Qf6 26. Re6 Qd8 27. Qd3
Rf6 28. Re4 b6 29. Bc6 Rf8 30. Re6 Qc7 31. Bd5 Qd7 32. Re4 Rbe8 33. Be6 Qd8 34.
f4 Qh4 35. g3 Qf6 36. f5 Qb2+ 37. Kg1 Qa1+ 38. Kf2 Qxa2+ 39. Kf3 Qa1 40. Kg2
Qb2+ 41. Kf3 Qh2 42. Rh4 Rf6 43. Kg4 Qh1 44. Qd2 Qe4+ 45. Kh5 Rxf5+ 46. Bxf5
Qxf5+ 47. Qg5 Qxg5# 0-1

[Event "DEM U10/U10w 2013"]
[Site "Oberhof GER"]
[Date "2013.05.24"]
[Round "10"]
[White "Hinrichs, Paul"]
[Black "Eulitz, Charlotte"]
[Result "1-0"]
[Termination "normal"]
[Board "35"]
[WhiteElo "1177"]
[BlackElo "1009"]
[PlyCount "145"]
[WhiteFideId "12942545"]
[BlackFideId "12964654"]
[EventCountry "GER"]
[EventRounds "11"]
[EventType "swiss"]
[EventDate "2013.05.18"]

1. d4 Nf6 2. Nf3 d5 3. c4 c6 4. Nc3 e6 5. Bg5 Be7 6. e3 O-O 7. Bd3 Nbd7 8. O-O
a6 9. c5 b6 10. b4 Rb8 11. Qc2 g6 12. Bf4 Ra8 13. Rfb1 b5 14. Re1 Bb7 15. Nd2
Re8 16. Nb3 Ra7 17. Na5 Nh5 18. Bg3 Nxg3 19. hxg3 Bf6 20. f4 Bg7 21. Kf2 Nf6
22. Rh1 Ng4+ 23. Kf3 f5 24. Rh3 Re7 25. Rah1 Bf6 26. Nd1 Qd7 27. Nf2 Nxf2 28.
Kxf2 Bc8 29. Ke2 Rc7 30. Kd2 g5 31. Rh6 Rf7 32. Kc3 gxf4 33. gxf4 Rg7 34. Rxf6
Qd8 35. Rfh6 Kh8 36. Qf2 Qg8 37. Bf1 Bb7 38. Nb3 Rg4 39. Nd2 Rg6 40. Rxg6 Qxg6
41. Qh4 Rg7 42. Nf3 Qg4 43. Qxg4 Rxg4 44. Ng5 Rg3 45. Rxh7+ Kg8 46. Rxb7 Rxe3+
47. Kd2 Ra3 48. Rh7 Rxa2+ 49. Kc3 Ra1 50. Be2 Ra2 51. Bf3 Ra3+ 52. Kc2 Ra2+ 53.
Kb3 Rd2 54. Kc3 Ra2 55. Rh1 Ra3+ 56. Kb2 Re3 57. Rd1 Kf8 58. Rd2 Ke7 59. Re2
Rd3 60. Nxe6 Kd7 61. Kc2 Ra3 62. Nf8+ Kc7 63. Kb2 Rd3 64. Re5 Rd2+ 65. Kc3 Ra2
66. Rxf5 a5 67. Rf7+ Kb8 68. Nd7+ Kb7 69. Nb6+ Ka6 70. Bg4 Ra3+ 71. Kb2 axb4
72. Bc8+ Ka5 73. Ra7# 1-0

[Event "DEM U10/U10w 2013"]
[Site "Oberhof GER"]
[Date "2013.05.24"]
[Round "10"]
[White "Wurst, Benedikt"]
[Black "Schmidtmann, Kimberly"]
[Result "1-0"]
[Termination "normal"]
[Board "36"]
[WhiteElo "1139"]
[BlackElo "950"]
[PlyCount "77"]
[WhiteFideId "12991791"]
[BlackFideId "12967106"]
[EventCountry "GER"]
[EventRounds "11"]
[EventType "swiss"]
[EventDate "2013.05.18"]

1. e4 e5 2. Nf3 Nc6 3. Bc4 Bc5 4. Nc3 Nf6 5. d3 d6 6. h3 h6 7. Be3 Bxe3 8. fxe3
Be6 9. Bb3 Qd7 10. O-O O-O-O 11. d4 d5 12. dxe5 Nxe4 13. Nxe4 dxe4 14. Qxd7+
Rxd7 15. Bxe6 fxe6 16. Ne1 Nxe5 17. Rf4 Re8 18. Rxe4 Nc6 19. c3 Nd8 20. Nf3 Rg8
21. Nd4 Re8 22. Nb5 Nc6 23. Nd4 Nxd4 24. exd4 Kd8 25. Rae1 Rde7 26. g4 Kd7 27.
Kf2 Kd6 28. b3 Kd5 29. Re5+ Kd6 30. g5 Rf8+ 31. Kg3 Kd7 32. gxh6 gxh6 33. d5
Rfe8 34. c4 exd5 35. Rxd5+ Kc6 36. Rf1 Rg7+ 37. Kh4 Re2 38. Rf6+ Re6 39. Rxe6#
1-0

[Event "DEM U10/U10w 2013"]
[Site "Oberhof GER"]
[Date "2013.05.24"]
[Round "10"]
[White "Brunner, Sophia"]
[Black "Pahl, Erik"]
[Result "1-0"]
[Termination "normal"]
[Board "37"]
[WhiteElo "1054"]
[BlackElo "880"]
[PlyCount "69"]
[WhiteFideId "12960683"]
[BlackFideId "16201272"]
[EventCountry "GER"]
[EventRounds "11"]
[EventType "swiss"]
[EventDate "2013.05.18"]

1. d4 Nf6 2. c4 g6 3. Nf3 Bg7 4. Bf4 O-O 5. e3 d6 6. Be2 c5 7. O-O Nbd7 8. Nc3
Nb6 9. dxc5 dxc5 10. Qxd8 Rxd8 11. Rad1 Rxd1 12. Rxd1 Be6 13. b3 a5 14. a4 Rc8
15. Be5 Nbd7 16. Bxf6 Bxf6 17. Nb5 b6 18. Kf1 Ne5 19. Nxe5 Bxe5 20. f4 Bf6 21.
e4 Kf8 22. e5 Bg7 23. Kf2 f6 24. exf6 exf6 25. Rd6 Bf5 26. Rxb6 g5 27. Nd6 gxf4
28. Nxc8 Bxc8 29. Rb8 Ke7 30. Rxc8 Kd6 31. Ra8 Ke5 32. Rxa5 Kd4 33. Ra7 Bf8 34.
Rxh7 Bd6 35. a5 1-0

[Event "DEM U10/U10w 2013"]
[Site "Oberhof GER"]
[Date "2013.05.24"]
[Round "10"]
[White "Astner, Sebastian"]
[Black "Gazizov, Max"]
[Result "1/2-1/2"]
[Termination "normal"]
[Board "38"]
[WhiteElo "886"]
[BlackElo "1042"]
[PlyCount "52"]
[WhiteFideId "12979422"]
[BlackFideId "12951323"]
[EventCountry "GER"]
[EventRounds "11"]
[EventType "swiss"]
[EventDate "2013.05.18"]

1. e4 c5 2. f4 Nc6 3. Nf3 g6 4. Nc3 Bg7 5. Bb5 a6 6. Bc4 e6 7. O-O b5 8. Be2
Nge7 9. Qe1 d5 10. d3 O-O 11. Qh4 f5 12. Ng5 h6 13. Nf3 dxe4 14. dxe4 Bb7 15.
exf5 exf5 16. Be3 c4 17. Rad1 Qc7 18. Rd2 Rad8 19. Rfd1 Rxd2 20. Rxd2 Rd8 21.
Rxd8+ Qxd8 22. Qe1 Nd5 23. Nxd5 Qxd5 24. c3 Bf8 25. Qf1 Bc5 26. Qf2 Bd6 1/2-1/2

[Event "DEM U10/U10w 2013"]
[Site "Oberhof GER"]
[Date "2013.05.24"]
[Round "10"]
[White "Indilewitsch, Marie-Claire"]
[Black "Ziegenfuß, Antonia"]
[Result "0-1"]
[Termination "normal"]
[Board "40"]
[WhiteElo "963"]
[BlackElo "1064"]
[PlyCount "118"]
[BlackFideId "12962554"]
[EventCountry "GER"]
[EventRounds "11"]
[EventType "swiss"]
[EventDate "2013.05.18"]

1. e4 e5 2. Nf3 d6 3. d4 Nf6 4. Nc3 Nbd7 5. Bc4 Be7 6. Be3 O-O 7. O-O a5 8. Qd2
exd4 9. Bxd4 Nc5 10. Rfe1 Be6 11. Bxe6 Nxe6 12. Bxf6 Bxf6 13. Rad1 Qd7 14. e5
Be7 15. Nd5 Rad8 16. Nf6+ gxf6 17. Qh6 Rfe8 18. Re4 Bf8 19. Qh5 Bg7 20. Rg4 Kh8
21. Rh4 Nf8 22. Rdd4 fxe5 23. Rdg4 Re6 24. h3 Rh6 25. Qg5 Rg6 26. Qh5 Rxg4 27.
Rxg4 Qe6 28. Rh4 Qg6 29. Qg5 Qxg5 30. Nxg5 Ng6 31. Rxh7+ Kg8 32. Rh5 Bf6 33. g3
Bxg5 34. Rxg5 Kg7 35. h4 Kh6 36. Kh2 Rg8 37. Rf5 Rg7 38. Kh3 Ne7 39. Rf6+ Kh7
40. g4 Kg8 41. h5 Rg5 42. Kh4 Rg7 43. g5 Nd5 44. Rf5 Nb4 45. h6 Rh7 46. Kh5
Nxc2 47. g6 fxg6+ 48. Kxg6 Nd4 49. Rf6 Nc6 50. Re6 Re7 51. h7+ Kh8 52. Rf6 Rg7+
53. Kh6 Rxh7+ 54. Kg6 Ne7+ 55. Kg5 Rg7+ 56. Kh6 Ng8+ 57. Kh5 Nxf6+ 58. Kh4 Rg4+
59. Kh3 d5 0-1

[Event "DEM U10/U10w 2013"]
[Site "Oberhof GER"]
[Date "2013.05.24"]
[Round "10"]
[White "Rizo Wellmann, Darja"]
[Black "Brunkardt, Elena"]
[Result "0-1"]
[Termination "normal"]
[Board "41"]
[WhiteElo "956"]
[BlackElo "1010"]
[PlyCount "112"]
[WhiteFideId "16218361"]
[BlackFideId "16208838"]
[EventCountry "GER"]
[EventRounds "11"]
[EventType "swiss"]
[EventDate "2013.05.18"]

1. e4 d5 2. exd5 Qxd5 3. Nc3 Qd6 4. Nf3 Nf6 5. Bc4 c6 6. d4 Bg4 7. O-O e6 8.
Re1 Be7 9. Bg5 O-O 10. h3 Bh5 11. Bxf6 Bxf6 12. Ne4 Qe7 13. Nc3 Qb4 14. Be2
Qxb2 15. Ne4 Nd7 16. Qd2 Bxf3 17. Bxf3 Qxd4 18. Qxd4 Bxd4 19. Rad1 e5 20. Be2
Rad8 21. Bg4 f5 22. Ng5 Bxf2+ 23. Kxf2 fxg4+ 24. Kg1 Rfe8 25. Rd6 Re7 26. Ne6
Rde8 27. Red1 Nf8 28. Nxf8 Kxf8 29. Rd7 gxh3 30. gxh3 e4 31. Rxe7 Rxe7 32. Rd8+
Kf7 33. Rd1 Kf6 34. Rf1+ Ke5 35. Re1 Kf4 36. Kf2 g5 37. Rf1 g4 38. hxg4 Kxg4
39. Rg1+ Kf4 40. Re1 h5 41. Kg2 e3 42. Rf1+ Ke4 43. Re1 Kd4 44. Rd1+ Kc3 45.
Re1 Kxc2 46. Re2+ Kd3 47. Kf3 h4 48. Re1 Rf7+ 49. Kg2 Kd2 50. Rf1 Rxf1 51. Kxf1
e2+ 52. Kg2 e1=Q 53. a4 Ke2 54. a5 Qg3+ 55. Kh1 Kf2 56. a6 Qg2# 0-1

[Event "DEM U10/U10w 2013"]
[Site "Oberhof GER"]
[Date "2013.05.24"]
[Round "10"]
[White "Kurzweil, Naemi"]
[Black "Müller, Marvin"]
[Result "1/2-1/2"]
[Termination "normal"]
[Board "42"]
[WhiteElo "980"]
[BlackElo "774"]
[PlyCount "114"]
[WhiteFideId "12985708"]
[BlackFideId "16214528"]
[EventCountry "GER"]
[EventRounds "11"]
[EventType "swiss"]
[EventDate "2013.05.18"]

1. e4 e5 2. Nf3 Nf6 3. Nc3 Nc6 4. Bc4 Nxe4 5. Nxe4 d5 6. Bxd5 Qxd5 7. Nc3 Qd8
8. Qe2 Bd6 9. d3 O-O 10. Be3 Re8 11. O-O-O b6 12. h4 Ba6 13. Rhg1 Qe7 14. g4 b5
15. Nd5 Qe6 16. Nc3 b4 17. g5 bxc3 18. Kb1 Rab8 19. b3 Be7 20. h5 Qd6 21. Bc1
f6 22. h6 g6 23. gxf6 Bxf6 24. Rg2 Qf8 25. Qe4 Be7 26. Rg3 Nd4 27. Nxe5 Qf6 28.
Rdg1 Bb7 29. Rxg6+ Kh8 30. Nf7+ Qxf7 31. Qe5+ Bf6 32. Qf4 Ne2 33. Rxf6 Nxf4 34.
Rxf7 Ne2 35. Rfg7 Nxc1 36. Rxc1 Rg8 37. Rf7 Rbc8 38. Re1 Rce8 39. Rxe8 Rxe8 40.
a4 Bd5 41. Rxc7 Re1+ 42. Ka2 Rf1 43. Rxc3 Rxf2 44. Rc7 a6 45. Rd7 Bg8 46. Rd6
Rxc2+ 47. Ka3 Rc3 48. Rb6 Rxd3 49. Kb2 Rh3 50. Ka3 a5 51. Kb2 Rh2+ 52. Ka3 Rh3
53. Ka2 Rh2+ 54. Kb1 Rh1+ 55. Kb2 Rh2+ 56. Kc3 Rh3+ 57. Kb2 Rh2+ 1/2-1/2

[Event "DEM U10/U10w 2013"]
[Site "Oberhof GER"]
[Date "2013.05.24"]
[Round "10"]
[White "Richter, Merlin"]
[Black "Pantsernaya, Sofya"]
[Result "0-1"]
[Termination "normal"]
[Board "43"]
[WhiteElo "791"]
[BlackElo "1253"]
[PlyCount "46"]
[BlackFideId "12993182"]
[EventCountry "GER"]
[EventRounds "11"]
[EventType "swiss"]
[EventDate "2013.05.18"]

1. e4 d5 2. exd5 Nf6 3. d4 Nxd5 4. c4 Nf6 5. Nf3 e6 6. Nc3 Be7 7. Bd3 Nc6 8.
Be3 O-O 9. O-O Re8 10. Bf4 h6 11. Re1 Bd6 12. Be3 e5 13. dxe5 Bxe5 14. Nxe5
Nxe5 15. Bc2 Nxc4 16. Bc1 Rxe1+ 17. Qxe1 Be6 18. Nb5 Qe7 19. Bf4 Nd5 20. Qe4
Nf6 21. Qxb7 Re8 22. Nxc7 Bd5 23. Qb5 Qe1+ 0-1

[Event "DEM U10/U10w 2013"]
[Site "Oberhof GER"]
[Date "2013.05.24"]
[Round "10"]
[White "Wachinger, Nikolas"]
[Black "Jaenecke, Maike"]
[Result "1-0"]
[Termination "normal"]
[Board "44"]
[WhiteElo "1007"]
[BlackElo "968"]
[PlyCount "103"]
[WhiteFideId "12962791"]
[EventCountry "GER"]
[EventRounds "11"]
[EventType "swiss"]
[EventDate "2013.05.18"]

1. e4 e5 2. Nf3 Nc6 3. Bb5 a6 4. Ba4 Nf6 5. O-O Be7 6. Re1 b5 7. Bb3 h6 8. c3
Na5 9. Bc2 O-O 10. d4 exd4 11. cxd4 d6 12. h3 c5 13. Nc3 Qb6 14. Bf4 Qb7 15. e5
dxe5 16. Be4 Nxe4 17. Rxe4 exf4 18. Rxf4 Bd6 19. Re4 Bf5 20. Re1 Rad8 21. Qd2
Rfe8 22. Rxe8+ Rxe8 23. Rc1 Qc7 24. Nd5 Qb8 25. Qxa5 Be4 26. Nc3 Bxf3 27. gxf3
Bh2+ 28. Kg2 cxd4 29. Nd5 Re6 30. Rd1 Rg6+ 31. Kf1 Rg1+ 32. Ke2 Qe8+ 33. Kd2
Rxd1+ 34. Kxd1 d3 35. Qd2 Qd7 36. Qxd3 Qc6 37. Ne7+ Kf8 38. Nxc6 Bc7 39. Nb8 g6
40. Nxa6 Bb6 41. Qd6+ Kg7 42. Qxb6 h5 43. Qxb5 Kh6 44. Qe8 Kg7 45. b4 Kf6 46.
b5 h4 47. b6 Kg7 48. Qe7 Kh6 49. Qf6 Kh5 50. b7 Kh6 51. b8=R Kh5 52. Rh8# 1-0

[Event "DEM U10/U10w 2013"]
[Site "Oberhof GER"]
[Date "2013.05.24"]
[Round "10"]
[White "Straßburg, Robin"]
[Black "Gabriel, Benjamin"]
[Result "1/2-1/2"]
[Termination "normal"]
[Board "45"]
[WhiteElo "911"]
[BlackElo "920"]
[PlyCount "40"]
[WhiteFideId "16210018"]
[BlackFideId "16226887"]
[EventCountry "GER"]
[EventRounds "11"]
[EventType "swiss"]
[EventDate "2013.05.18"]

1. e4 e5 2. Nf3 Nc6 3. Bb5 Bc5 4. O-O Nf6 5. Nc3 d6 6. d3 h6 7. h3 O-O 8. Re1
a6 9. Bxc6 bxc6 10. Qe2 Re8 11. Be3 Bxe3 12. Qxe3 Be6 13. Rad1 c5 14. a3 Rb8
15. b3 c6 16. a4 Nd7 17. Rc1 f5 18. exf5 Bxf5 19. Ne2 d5 20. Ng3 Bg6 1/2-1/2

[Event "DEM U10/U10w 2013"]
[Site "Oberhof GER"]
[Date "2013.05.24"]
[Round "10"]
[White "Huppert, Anna"]
[Black "Sinnhöfer, Lilian"]
[Result "0-1"]
[Termination "normal"]
[Board "46"]
[WhiteElo "793"]
[BlackElo "875"]
[PlyCount "50"]
[WhiteFideId "16214439"]
[BlackFideId "12977586"]
[EventCountry "GER"]
[EventRounds "11"]
[EventType "swiss"]
[EventDate "2013.05.18"]

1. e4 e5 2. Nf3 Nc6 3. Bc4 Bc5 4. c3 Nf6 5. d4 exd4 6. cxd4 Bb4+ 7. Bd2 Bxd2+
8. Nbxd2 d5 9. exd5 Nxd5 10. Nb3 O-O 11. O-O Bg4 12. Re1 Bxf3 13. Qxf3 Ndb4 14.
a3 Nc2 15. Bd3 Nxa1 16. Qe4 g6 17. Nxa1 Nxd4 18. Re3 Re8 19. Qf4 Rxe3 20. Qxe3
c5 21. Bc4 Qe8 22. Qf4 Qe1+ 23. Bf1 Ne2+ 24. Kh1 Nxf4 25. g3 Qxf1# 0-1